[Event "chess.com SpeedChess Q1Sw"]
[Site "chess.com INT"]
[Date "2022.11.10"]
[Round "7"]
[White "Vaibhav, Jayant Raut"]
[Black "Borgaonkar, Akshay"]
[Result "1-0"]
[WhiteTitle "CM"]
[BlackTitle "CM"]
[WhiteElo "2247"]
[BlackElo "2135"]
[WhiteFideId "5089034"]
[BlackFideId "25639110"]
[EventDate "2022.11.10"]

1. Nf3 Nf6 2. g3 g6 3. Bg2 Bg7 4. O-O O-O 5. d3 d6 6. Nbd2 Nbd7 7. e4 e5 8. a4
a5 9. Re1 Re8 10. c3 c6 11. d4 Qc7 12. Nc4 Nxe4 13. Rxe4 d5 14. Re1 dxc4 15. Qe2
e4 16. Bf4 Qd8 17. Nd2 f5 18. Nxc4 g5 19. Nd6 Re6 20. Qc4 Nb6 21. Qb3 gxf4 22.
Nxc8 Nd5 23. Bh3 Qxc8 24. Bxf5 Qe8 25. Bxe6+ Qxe6 26. Qxb7 Rf8 27. c4 f3 28. Kh1
Qh3 29. Rg1 Rf6 30. g4 Nf4 31. g5 Rf8 32. Qxc6 e3 33. Rg3 Qh4 34. Rxf3 exf2 35.
Rf1 Ne2 36. Qe6+ Kh8 37. Qxe2 Rg8 38. Qxf2 Qh5 39. Qg2 Qg6 40. h4 Bxd4 41. Qh3
Bg7 42. Rg3 Qc2 43. Rg2 Qxc4 44. Qf5 Qc7 45. Qf7 Be5 46. Qxc7 Bxc7 47. Rf7 Be5
48. b3 Bg7 49. Re2 Rc8 50. Ree7 h5 51. Rxg7 Rc1+ 52. Kg2 Rg1+ 53. Kf2 Rg2+ 54.
Ke3 Re2+ 55. Kd4 Rd2+ 56. Kc5 Rd5+ 57. Kc6 Rd6+ 58. Kc7 Rc6+ 59. Kd8 Rc8+ 60.
Kd7 Rc7+ 61. Ke8 Rc8+ 62. Kf7 Rf8+ 63. Kg6 Rf6+ 64. Kxh5 Rh6+ 65. Kg4 Rxh4+ 66.
Kf3 Rf4+ 67. Ke2 Rf3 68. Rgf7 1-0

[Event "chess.com SpeedChess Q1Sw"]
[Site "chess.com INT"]
[Date "2022.11.10"]
[Round "7"]
[White "Rustemov, Alexander"]
[Black "Kopylov, Alexander A."]
[Result "1/2-1/2"]
[WhiteTitle "GM"]
[BlackTitle "IM"]
[WhiteElo "2525"]
[BlackElo "2397"]
[WhiteFideId "4119002"]
[BlackFideId "4164857"]
[EventDate "2022.11.10"]

1. d4 Nf6 2. c4 e6 3. Nf3 d5 4. Nc3 Bb4 5. Bg5 h6 6. Bxf6 Qxf6 7. e3 O-O 8. Qb3
Bxc3+ 9. bxc3 c6 10. Be2 Nd7 11. O-O b6 12. cxd5 cxd5 13. a4 Bb7 14. a5 Rfc8 15.
Rfb1 Qe7 16. h3 Qd6 17. Qa3 Qc7 18. Rb3 Bc6 19. axb6 axb6 20. Qb2 Rxa1+ 21. Qxa1
Ra8 22. Ra3 Qb8 23. Bd3 f6 24. Rxa8 Qxa8 25. Qxa8+ Bxa8 26. Bb5 Nb8 27. Nd2 Bc6
28. Bd3 Ba4 29. f3 Nc6 30. Kf2 b5 31. e4 b4 32. cxb4 Nxb4 33. Ke3 Kf7 34. h4 Bc2
35. Bb5 Bd1 36. Bd3 Ke7 37. e5 Bc2 38. Bb5 Bh7 39. Nb3 Nc2+ 40. Kd2 Na3 41. Be2
Nb1+ 42. Ke3 Nc3 43. Nc5 Na2 44. Na6 Nc1 45. Bb5 Nb3 46. Nb4 fxe5 47. Nc6+ Kd6
48. Nxe5 Na1 49. Ba4 Bc2 50. Be8 Bh7 51. Kd2 Nb3+ 52. Kc3 Nc1 53. Bb5 Na2+ 54.
Kd2 Nb4 55. g3 Nc2 56. Kc3 Ne3 57. h5 Bb1 58. g4 Ng2 59. Kd2 Ke7 60. Bf1 Nf4 61.
Ke3 g5 62. hxg6 Nxg6 63. Nxg6+ Bxg6 64. f4 Kf6 65. Kf3 Be4+ 66. Kg3 Bc2 67. Kh4
Bd1 68. Bh3 Kg6 69. g5 hxg5+ 70. fxg5 Kf7 71. Bg4 Bc2 72. Kh5 Kg7 73. Bxe6 Be4
74. Kg4 Kg6 75. Kf4 Bg2 76. Bf5+ Kh5 77. g6 Kh6 78. Ke5 Kg7 79. Kf4 Bh1 80. Kg5
Bg2 81. Bg4 Bh1 82. Be2 Be4 83. Bd1 Bxg6 84. Bf3 Bf7 85. Kf4 Kf8 86. Ke5 Ke7 87.
Bg2 Bg8 88. Bf3 Bf7 89. Bh1 Be6 90. Bxd5 Bxd5 91. Kxd5 Kd7 92. Ke5 Ke7 93. d5
Kd7 94. d6 Kd8 95. Kd5 Kd7 96. Kc5 Kd8 97. Kc6 Kc8 98. d7+ Kd8 99. Kd6 1/2-1/2

[Event "chess.com SpeedChess Q1Sw"]
[Site "chess.com INT"]
[Date "2022.11.10"]
[Round "8"]
[White "Jodorcovsky Werjivker, Paulo"]
[Black "Bibilashvili, Lali"]
[Result "1-0"]
[WhiteTitle "CM"]
[BlackTitle "WCM"]
[WhiteElo "2220"]
[BlackElo "1919"]
[WhiteFideId "3700305"]
[BlackFideId "13604236"]
[EventDate "2022.11.10"]

1. e4 c6 2. d4 d5 3. exd5 cxd5 4. Bd3 Nf6 5. c3 e6 6. Bf4 Bd6 7. Bxd6 Qxd6 8.
Nf3 Nc6 9. Nbd2 O-O 10. O-O e5 11. dxe5 Nxe5 12. Nxe5 Qxe5 13. Nf3 Qh5 14. Nd4
Bg4 15. f3 Bd7 16. Qd2 Rfe8 17. Rae1 Rac8 18. Rf2 Rxe1+ 19. Qxe1 Re8 20. Re2 Qg5
21. Rxe8+ Nxe8 22. Bf5 Bxf5 23. Qxe8# 1-0

[Event "chess.com SpeedChess Q1Sw"]
[Site "chess.com INT"]
[Date "2022.11.10"]
[Round "8"]
[White "De Silva, L M S T"]
[Black "Aaditya, Dhingra"]
[Result "0-1"]
[WhiteTitle "IM"]
[BlackTitle "CM"]
[WhiteElo "2521"]
[BlackElo "2172"]
[WhiteFideId "9953698"]
[BlackFideId "25678191"]
[EventDate "2022.11.10"]

1. d4 Nf6 2. c4 e6 3. g3 c5 4. Nf3 cxd4 5. Nxd4 d5 6. Bg2 e5 7. Nc2 d4 8. O-O
Nc6 9. e3 d3 10. Ne1 e4 11. f3 Bc5 12. fxe4 Ne5 13. Nc3 O-O 14. Nd5 Nxd5 15.
cxd5 Bg4 16. Qd2 Be2 17. b3 Bxf1 18. Bxf1 Qf6 19. Bb2 Qb6 20. Ng2 Nf3+ 0-1

[Event "chess.com SpeedChess Q1Sw"]
[Site "chess.com INT"]
[Date "2022.11.10"]
[Round "8"]
[White "Salem, A.R. Saleh"]
[Black "Kovalev, Vladislav"]
[Result "1-0"]
[WhiteTitle "GM"]
[BlackTitle "GM"]
[WhiteElo "2677"]
[BlackElo "2623"]
[WhiteFideId "9301348"]
[BlackFideId "13504398"]
[EventDate "2022.11.10"]

1. d4 Nf6 2. c4 e6 3. Nc3 Bb4 4. a3 Bxc3+ 5. bxc3 d6 6. f3 c5 7. e4 Nc6 8. Be3
b6 9. Bd3 e5 10. Ne2 Qe7 11. O-O O-O 12. Kh1 Nh5 13. d5 Na5 14. g4 Nf4 15. Nxf4
exf4 16. Bxf4 Ba6 17. Qe2 Qd7 18. a4 Rae8 19. g5 f5 20. gxf6 Rxf6 21. Bg3 Qh3
22. Rf2 g5 23. Rg1 Kh8 24. e5 Rh6 25. e6 Nb7 26. Be5+ 1-0

[Event "chess.com SpeedChess Q1Sw"]
[Site "chess.com INT"]
[Date "2022.11.10"]
[Round "8"]
[White "Kopylov, Alexander A."]
[Black "Bordi, Kevin"]
[Result "1-0"]
[WhiteTitle "IM"]
[WhiteElo "2397"]
[BlackElo "2288"]
[WhiteFideId "4164857"]
[BlackFideId "621862"]
[EventDate "2022.11.10"]

1. d4 d5 2. g3 Nf6 3. Bg2 Bf5 4. Nf3 e6 5. O-O c6 6. a4 Nbd7 7. a5 Bd6 8. c3 O-O
9. Qb3 b5 10. axb6 axb6 11. Rxa8 Qxa8 12. Bf4 Bxf4 13. gxf4 c5 14. Nbd2 c4 15.
Qb4 Qa5 16. Qxa5 bxa5 17. Ra1 Ra8 18. Ne5 Nb6 19. Ndxc4 Nxc4 20. Nxc4 a4 21. Nb6
Rb8 22. Rxa4 Kf8 23. Ra8 Rxa8 24. Nxa8 Ke7 25. Nb6 Kd6 26. Na4 Nd7 27. b4 Kc6
28. Bf1 Nf6 29. Nc5 Ne4 30. Nxe4 Bxe4 31. f3 Bg6 32. e3 f6 33. Kf2 Be8 34. Bd3
h6 35. h4 Kb6 36. e4 Bc6 37. Ke3 Bb7 38. f5 exf5 39. exd5 g6 40. c4 Kc7 41. f4
Bc8 42. c5 1-0

[Event "chess.com SpeedChess Q1Sw"]
[Site "chess.com INT"]
[Date "2022.11.10"]
[Round "8"]
[White "Naroditsky, Daniel"]
[Black "Terry, Renato"]
[Result "1-0"]
[WhiteTitle "GM"]
[BlackTitle "IM"]
[WhiteElo "2617"]
[BlackElo "2516"]
[WhiteFideId "2026961"]
[BlackFideId "3803457"]
[EventDate "2022.11.10"]

1. e4 e6 2. d4 d5 3. Nd2 Be7 4. Ngf3 Nf6 5. e5 Nfd7 6. Bd3 c5 7. c3 Nc6 8. O-O
a5 9. a4 Qb6 10. dxc5 Nxc5 11. Bc2 Bd7 12. Re1 Qa6 13. Nf1 O-O 14. Ng3 Rfe8 15.
Ng5 Bxg5 16. Bxg5 Ne7 17. Nh5 Qc4 18. Nxg7 Ng6 19. Nh5 1-0

[Event "chess.com SpeedChess Q1Sw"]
[Site "chess.com INT"]
[Date "2022.11.10"]
[Round "8"]
[White "Tsydypov, Zhamsaran"]
[Black "Mamedov, Rauf"]
[Result "0-1"]
[WhiteTitle "GM"]
[BlackTitle "GM"]
[WhiteElo "2534"]
[BlackElo "2646"]
[WhiteFideId "4108566"]
[BlackFideId "13401653"]
[EventDate "2022.11.10"]

1. e4 c5 2. Nf3 Nc6 3. Bb5 g6 4. O-O Bg7 5. Re1 Nf6 6. Bxc6 dxc6 7. h3 O-O 8. e5
Nd5 9. d3 Nc7 10. Nbd2 Ne6 11. Ne4 b6 12. Be3 h6 13. Qd2 Kh7 14. Ng3 Nd4 15.
Bxd4 cxd4 16. h4 Bg4 17. Qf4 Bxf3 18. Qxf3 Qd5 19. Qf4 h5 20. Ne4 Kg8 21. Nd2 c5
22. Qg5 e6 23. a4 a6 24. Nc4 Rab8 25. Re2 b5 26. Nd2 c4 27. axb5 axb5 28. Ra7
Ra8 29. Rc7 Rfc8 30. Qe7 Ra1+ 31. Kh2 Bxe5+ 0-1

[Event "chess.com SpeedChess Q1Sw"]
[Site "chess.com INT"]
[Date "2022.11.10"]
[Round "8"]
[White "Manukyan, Sargis A."]
[Black "Rohith, Krishna S"]
[Result "0-1"]
[WhiteTitle "FM"]
[BlackTitle "FM"]
[WhiteElo "2163"]
[BlackElo "2380"]
[WhiteFideId "13303970"]
[BlackFideId "46617051"]
[EventDate "2022.11.10"]

1. d4 Nf6 2. c4 c5 3. Nc3 e6 4. d5 exd5 5. cxd5 g6 6. Nf3 Bg7 7. Bf4 O-O 8. Bd6
Re8 9. Bxc5 d6 10. Bd4 Nbd7 11. e3 Ne5 12. Be2 a6 13. a4 h5 14. O-O Bg4 15. Nxe5
dxe5 16. Bc5 Rc8 17. b4 b6 18. f3 bxc5 19. fxg4 cxb4 20. Na2 Nxd5 21. Bxa6 Nxe3
22. Qxd8 Rcxd8 23. Rfc1 Rd2 24. Nxb4 Rxg2+ 25. Kh1 Rxg4 26. Nc6 e4 27. Ra2 Nd5
28. Bc4 Nf4 29. a5 e3 30. Be2 Rg5 31. a6 Nh3 32. Bf1 Rg1# 0-1

[Event "chess.com SpeedChess Q1Sw"]
[Site "chess.com INT"]
[Date "2022.11.10"]
[Round "8"]
[White "Pranav, Anand"]
[Black "Klukin, Kirill"]
[Result "1-0"]
[WhiteTitle "IM"]
[BlackTitle "IM"]
[WhiteElo "2502"]
[BlackElo "2390"]
[WhiteFideId "46626786"]
[BlackFideId "24199273"]
[EventDate "2022.11.10"]

1. d4 Nf6 2. c4 Nc6 3. Nf3 e6 4. Nc3 Bb4 5. Qc2 d6 6. e3 O-O 7. Bd2 Re8 8. a3
Bxc3 9. Bxc3 e5 10. dxe5 dxe5 11. Be2 a5 12. h3 Qe7 13. O-O a4 14. Rad1 b6 15.
Nd2 Bb7 16. Bf3 Nd7 17. Be4 g6 18. Nf3 f6 19. h4 Nc5 20. Bd5+ Kg7 21. h5 Nd8 22.
hxg6 Bxd5 23. Rxd5 hxg6 24. Nh4 Qf7 25. f4 Rh8 26. fxe5 Rxh4 27. Rxf6 Qe8 28. e6
Kh7 29. Qf2 Rh6 30. Rf8 1-0

[Event "chess.com SpeedChess Q1Sw"]
[Site "chess.com INT"]
[Date "2022.11.10"]
[Round "8"]
[White "Vaibhav, Jayant Raut"]
[Black "Donchenko, Alexander"]
[Result "0-1"]
[WhiteTitle "CM"]
[BlackTitle "GM"]
[WhiteElo "2247"]
[BlackElo "2645"]
[WhiteFideId "5089034"]
[BlackFideId "24603295"]
[EventDate "2022.11.10"]

1. c4 b6 2. Nc3 Bb7 3. e4 e5 4. d3 Nc6 5. Nf3 Bc5 6. Be3 Nge7 7. Bxc5 bxc5 8.
Be2 Ng6 9. O-O Nf4 10. Re1 d6 11. Bf1 Ne7 12. g3 Ne6 13. a3 a5 14. Bg2 O-O 15.
Nh4 Nd4 16. Ne2 Nxe2+ 17. Qxe2 Rb8 18. Rab1 Bc8 19. Qd2 Nc6 20. h3 Bd7 21. Kh2
Qf6 22. Rf1 Rb3 23. f4 exf4 24. Rxf4 Qd4 25. Rbf1 Rxb2 26. Qd1 Ne5 27. Qh5 Qxd3
28. Nf5 Bxf5 29. exf5 Qe2 30. Qxe2 Rxe2 31. f6 gxf6 32. Rxf6 Rb8 33. R1f2 Rbb2
34. Rxe2 Rxe2 35. Kg1 Nxc4 36. Bf1 Rc2 37. Bd3 Rc3 38. Rf3 Rc1+ 39. Kg2 Ne5 0-1

[Event "chess.com SpeedChess Q1Sw"]
[Site "chess.com INT"]
[Date "2022.11.10"]
[Round "8"]
[White "Pakleza, Zbigniew"]
[Black "Sevian, Samuel"]
[Result "0-1"]
[WhiteTitle "GM"]
[BlackTitle "GM"]
[WhiteElo "2496"]
[BlackElo "2687"]
[WhiteFideId "1119290"]
[BlackFideId "2040506"]
[EventDate "2022.11.10"]

1. d4 Nf6 2. Nf3 e6 3. Bf4 c5 4. c3 Qb6 5. Qb3 d5 6. e3 Nc6 7. Nbd2 Be7 8. h3
O-O 9. Be2 Bd7 10. O-O Rfc8 11. Rfd1 h6 12. Ne5 Be8 13. Rac1 Qxb3 14. axb3 a5
15. Ra1 b6 16. Bf3 Ra7 17. Ra2 Bd8 18. Nd3 Be7 19. Rda1 Nd7 20. Bg3 g5 21. dxc5
Nxc5 22. Nxc5 bxc5 23. e4 Rd8 24. exd5 exd5 25. c4 dxc4 26. Nxc4 Nd4 27. Rxa5
Rad7 28. Ra7 Nxb3 29. Rxd7 Bxd7 30. Rd1 Nd4 31. Be4 Be6 32. Ne5 Ne2+ 0-1

[Event "chess.com SpeedChess Q1Sw"]
[Site "chess.com INT"]
[Date "2022.11.10"]
[Round "8"]
[White "Aditya, Mittal"]
[Black "Sadhwani, Raunak"]
[Result "1-0"]
[WhiteTitle "IM"]
[BlackTitle "GM"]
[WhiteElo "2486"]
[BlackElo "2628"]
[WhiteFideId "35042025"]
[BlackFideId "35093487"]
[EventDate "2022.11.10"]

1. d4 g6 2. e4 Bg7 3. c4 d6 4. Nc3 Nd7 5. Be2 e5 6. Nf3 Ne7 7. h4 exd4 8. Nxd4
Nc6 9. Bg5 Nf6 10. Nxc6 bxc6 11. e5 dxe5 12. Qxd8+ Kxd8 13. Bf3 Rb8 14. Bxc6 Be6
15. O-O-O+ Ke7 16. Rhe1 Rhd8 17. Be3 Rxd1+ 18. Rxd1 Bxc4 19. Bxa7 Rg8 20. b3 Ba6
21. Nd5+ Nxd5 22. Bc5+ Ke6 23. Bxd5+ Kf6 24. g4 Bh6+ 25. g5+ Bxg5+ 26. hxg5+
Kxg5 27. Bxf7 Rg7 28. Be6 1-0

[Event "chess.com SpeedChess Q1Sw"]
[Site "chess.com INT"]
[Date "2022.11.10"]
[Round "8"]
[White "Gabrielian, Artur"]
[Black "Mitrabha, Guha"]
[Result "0-1"]
[WhiteTitle "GM"]
[BlackTitle "GM"]
[WhiteElo "2460"]
[BlackElo "2474"]
[WhiteFideId "4131002"]
[BlackFideId "5057000"]
[EventDate "2022.11.10"]

1. e4 e5 2. Nf3 Nc6 3. Bc4 Bc5 4. d3 Nf6 5. Bg5 d6 6. c3 h6 7. Bh4 O-O 8. Nbd2
a5 9. O-O g5 10. Bg3 Nh7 11. Bd5 Ne7 12. d4 exd4 13. cxd4 Bb6 14. Bc4 g4 15. Nh4
Bxd4 16. Qc2 Bg7 17. Rad1 Nc6 18. Nf5 Bxf5 19. exf5 Ng5 20. Ne4 Nxe4 21. Qxe4
Qg5 22. Rfe1 Bxb2 23. Rb1 Bc3 24. Re3 Be5 25. Rxb7 Bxg3 26. hxg3 Ne5 27. Rxc7
Rac8 28. Rxc8 Rxc8 29. Bb3 Rc1+ 30. Re1 Rxe1+ 31. Qxe1 Qxf5 32. Bd5 Nd3 33. Qe8+
Kg7 34. Be4 Qxf2+ 35. Kh2 Ne5 36. Qd8 Nf3+ 37. Bxf3 gxf3 0-1

[Event "chess.com SpeedChess Q1Sw"]
[Site "chess.com INT"]
[Date "2022.11.10"]
[Round "8"]
[White "Yuan, Qingyu"]
[Black "Petrosyan, Manuel"]
[Result "1-0"]
[BlackTitle "GM"]
[WhiteElo "2373"]
[BlackElo "2621"]
[WhiteFideId "8609772"]
[BlackFideId "13300857"]
[EventDate "2022.11.10"]

1. e4 c6 2. d4 d5 3. e5 Bf5 4. c4 e6 5. Nc3 Ne7 6. h3 h6 7. Nf3 Nd7 8. cxd5 Nxd5
9. Bd3 Bxd3 10. Qxd3 N7b6 11. O-O Be7 12. Ne4 O-O 13. Bd2 Nc7 14. Rac1 a5 15.
Rfd1 a4 16. a3 Nb5 17. Rc2 Qd5 18. Bf4 Rfd8 19. Qe3 Nc4 20. Qe2 Na5 21. Rcd2 Nb3
22. Rd3 Qc4 23. Qe3 Bf8 24. Bxh6 c5 25. Qg5 Kh7 26. Qh5 gxh6 27. Nfg5+ Kh8 28.
Qxf7 Bg7 29. Qg6 hxg5 30. Nxg5 Kg8 31. Rf3 Qc2 32. Qxc2 1-0

[Event "chess.com SpeedChess Q1Sw"]
[Site "chess.com INT"]
[Date "2022.11.10"]
[Round "8"]
[White "Omariev, Maksim"]
[Black "Vantika, Agrawal"]
[Result "1-0"]
[WhiteTitle "FM"]
[BlackTitle "WGM"]
[WhiteElo "2304"]
[BlackElo "2362"]
[WhiteFideId "4193423"]
[BlackFideId "25050389"]
[EventDate "2022.11.10"]

1. g4 d5 2. Bg2 e5 3. d4 e4 4. c4 c6 5. Nc3 Bb4 6. Qb3 a5 7. h3 h5 8. cxd5 cxd5
9. gxh5 Nc6 10. e3 a4 11. Qc2 a3 12. Ne2 axb2 13. Bxb2 Nf6 14. f3 Bf5 15. Qb3
exf3 16. Bxf3 Ne4 17. Rg1 Qh4+ 18. Kd1 O-O 19. Qxd5 Ne7 20. Qe5 Nxc3+ 21. Bxc3
Bxc3 22. Qxg7# 1-0

[Event "chess.com SpeedChess Q1Sw"]
[Site "chess.com INT"]
[Date "2022.11.10"]
[Round "8"]
[White "Jeet, Jain"]
[Black "Matinian, Nikita"]
[Result "0-1"]
[WhiteTitle "FM"]
[BlackTitle "GM"]
[WhiteElo "2139"]
[BlackElo "2425"]
[WhiteFideId "5073022"]
[BlackFideId "24129100"]
[EventDate "2022.11.10"]

1. e4 d6 2. f4 e5 3. Nf3 exf4 4. d4 g5 5. h4 g4 6. Ng1 Bh6 7. Nc3 Ne7 8. Nge2
Nbc6 9. Bxf4 Bxf4 10. Nxf4 Ng6 11. Nxg6 hxg6 12. g3 Bd7 13. Qd2 Qf6 14. O-O-O
O-O-O 15. Bc4 Qg7 16. Rhf1 f5 17. Bd5 Ne7 18. exf5 Nxf5 19. Ne2 Rde8 20. Bb3
Rxe2 21. Qxe2 Nxg3 22. Qf2 Nxf1 23. Rxf1 a5 24. d5 b6 25. Kb1 Bb5 26. c4 Bd7 27.
Bc2 a4 28. a3 Qe7 29. Rh1 Rf8 30. Qg2 Qe3 31. Bxg6 Rf2 32. Qg1 Qd4 33. Qc1 g3
34. h5 g2 35. Rg1 Rxb2+ 36. Qxb2 Qxg1+ 37. Ka2 Qf1 38. h6 g1=Q 0-1

[Event "chess.com SpeedChess Q1Sw"]
[Site "chess.com INT"]
[Date "2022.11.10"]
[Round "8"]
[White "Sarana, Alexey"]
[Black "Svane, Rasmus"]
[Result "1-0"]
[WhiteTitle "GM"]
[BlackTitle "GM"]
[WhiteElo "2668"]
[BlackElo "2619"]
[WhiteFideId "24133795"]
[BlackFideId "4657101"]
[EventDate "2022.11.10"]

1. c4 Nf6 2. Nc3 e5 3. Nf3 Nc6 4. g3 d5 5. cxd5 Nxd5 6. Bg2 Bc5 7. O-O O-O 8.
Qc2 Nf6 9. a3 a5 10. e3 Qe7 11. b3 Rd8 12. Bb2 h6 13. Ne4 Nxe4 14. Qxe4 Bd6 15.
Qc2 Be6 16. d3 Rd7 17. Nd2 Nd8 18. Nc4 Bxc4 19. bxc4 c6 20. a4 Ne6 21. d4 exd4
22. exd4 Bb4 23. d5 cxd5 24. cxd5 Nc7 25. Rfd1 Rad8 26. Qc4 Qg5 27. h4 Qf5 28.
Be4 Qh5 29. Qd3 Nxd5 30. Bf3 Qg6 31. Qxg6 fxg6 32. Bg4 Rd6 33. Be5 Rc6 34. Rd3
Rc5 35. Rad1 Re8 36. Bd6 Rc4 37. Bd7 Rd8 38. Be6+ Kh7 39. Bxd5 1-0

[Event "chess.com SpeedChess Q1Sw"]
[Site "chess.com INT"]
[Date "2022.11.10"]
[Round "8"]
[White "Mamedyarov, Shakhriyar"]
[Black "Pichot, Alan"]
[Result "0-1"]
[WhiteTitle "GM"]
[BlackTitle "GM"]
[WhiteElo "2741"]
[BlackElo "2637"]
[WhiteFideId "13401319"]
[BlackFideId "110973"]
[EventDate "2022.11.10"]

1. d4 Nf6 2. c4 e6 3. Nc3 Bb4 4. Qc2 O-O 5. e4 d5 6. e5 Ne4 7. Bd3 c5 8. Nf3
cxd4 9. Nxd4 Nd7 10. Bf4 Qh4 11. g3 Qh5 12. O-O g5 13. Be3 Bxc3 14. bxc3 Nxe5
15. f3 Nc5 16. Be2 Nxc4 17. Bf2 Qg6 18. Qd1 b6 19. Nb3 Nd7 20. Bd3 Qh6 21. Qe2
Bb7 22. a4 Nde5 23. Bc2 Qh5 24. Nd4 Rac8 25. g4 Qh6 26. Bg3 Ng6 27. Nb5 Nf4 28.
Bxf4 gxf4 29. Nxa7 Rc5 30. Rfb1 e5 31. Bd3 Ne3 32. a5 e4 33. Bb5 Qh3 34. Qf2
exf3 35. Bf1 Qxg4+ 36. Kh1 Rxc3 37. Rxb6 Rc2 38. Qe1 f2 0-1

[Event "chess.com SpeedChess Q1Sw"]
[Site "chess.com INT"]
[Date "2022.11.10"]
[Round "8"]
[White "Kravtsiv, Martyn"]
[Black "Bluebaum, Matthias"]
[Result "0-1"]
[WhiteTitle "GM"]
[BlackTitle "GM"]
[WhiteElo "2598"]
[BlackElo "2651"]
[WhiteFideId "14113147"]
[BlackFideId "24651516"]
[EventDate "2022.11.10"]

1. e4 e6 2. d4 d5 3. e5 c5 4. c3 Nc6 5. Nf3 Nge7 6. a3 cxd4 7. cxd4 Nf5 8. b4
Qb6 9. Bb2 Bd7 10. g4 Nfe7 11. Nc3 Na5 12. Bd3 Nc4 13. Bc1 Rc8 14. O-O Ng6 15.
Na4 Qc6 16. Nc5 b6 17. Nxd7 Qxd7 18. h4 h5 19. Bxg6 fxg6 20. Qd3 hxg4 21. Ng5
Rh6 22. Nh7 Rh5 23. Ng5 Rh6 24. Nh7 Rh5 25. Qxg6+ Qf7 26. Nxf8 Kxf8 27. Qxg4
Nxe5 28. dxe5 Rc4 29. f4 Rh6 30. Qh3 Qg6+ 31. Kh1 Qe4+ 32. Qf3 Rxh4+ 33. Kg1
Qg6+ 34. Kf2 Rh2+ 35. Ke1 Qc2 36. Be3 Qc3+ 0-1

[Event "chess.com SpeedChess Q1Sw"]
[Site "chess.com INT"]
[Date "2022.11.10"]
[Round "8"]
[White "Balaji, Aaravamudhan"]
[Black "Liyanage, Ranindu Dilshan"]
[Result "1-0"]
[WhiteTitle "CM"]
[BlackTitle "FM"]
[WhiteElo "2353"]
[BlackElo "2331"]
[WhiteFideId "436224"]
[BlackFideId "9915834"]
[EventDate "2022.11.10"]

1. Nf3 d5 2. g3 g6 3. Bg2 Bg7 4. O-O e5 5. d3 Ne7 6. Nbd2 O-O 7. e4 Nbc6 8. Re1
Re8 9. c3 h6 10. Qc2 a5 11. Rb1 Be6 12. b3 Qd7 13. Bb2 Rad8 14. a3 g5 15. b4 Ng6
16. exd5 Bxd5 17. Ne4 b6 18. b5 Nce7 19. c4 Ba8 20. Rbd1 Nf5 21. Bh3 Qe6 22. Qc1
Nge7 23. Qa1 f6 24. d4 Qxc4 25. Bf1 Qf7 26. dxe5 Rxd1 27. Qxd1 fxe5 28. Bxe5
Bxe5 29. Nxe5 Qg7 30. Qd7 Rf8 31. Bc4+ Kh7 32. Nd2 Qf6 33. Bd3 Kh8 34. Ndc4 Nxg3
35. Ng4 Qf3 36. Qd4+ Kg8 37. Nxh6# 1-0

[Event "chess.com SpeedChess Q1Sw"]
[Site "chess.com INT"]
[Date "2022.11.10"]
[Round "8"]
[White "Shimanov, Aleksandr"]
[Black "Xiong, Jeffery"]
[Result "0-1"]
[WhiteTitle "GM"]
[BlackTitle "GM"]
[WhiteElo "2581"]
[BlackElo "2692"]
[WhiteFideId "4198603"]
[BlackFideId "2047640"]
[EventDate "2022.11.10"]

1. d4 Nf6 2. Bg5 c5 3. Bxf6 gxf6 4. d5 Qb6 5. Qc1 f5 6. c4 d6 7. Nc3 Nd7 8. e3
Ne5 9. Qc2 Bg7 10. Nh3 h5 11. Be2 Bd7 12. Nf4 h4 13. O-O O-O-O 14. a3 Kb8 15.
Rab1 Qa5 16. b4 Qxa3 17. Rb3 Qa6 18. bxc5 dxc5 19. Rfb1 b6 20. Nb5 Bxb5 21. Rxb5
h3 22. g3 Qc8 23. Qa4 Rh6 24. Qa3 Nd7 25. Nd3 f4 26. Nxf4 Be5 27. Nd3 Bd6 28.
Bg4 e6 29. dxe6 fxe6 30. Bf3 Rf8 31. Ra1 Qc7 32. Bc6 Qxc6 33. Qxa7+ Kc8 34. Qa6+
Kd8 35. Qa8+ Qxa8 36. Rxa8+ Kc7 37. Ra7+ Kc6 38. f4 Rhh8 39. Nf2 Ra8 40. Rxa8
Rxa8 41. Nxh3 Ra4 42. Kf2 Rxc4 43. Rb2 Nf6 44. Ng5 Ne4+ 45. Nxe4 Rxe4 46. Kf3
Rb4 47. h4 Rxb2 0-1

[Event "chess.com SpeedChess Q1Sw"]
[Site "chess.com INT"]
[Date "2022.11.10"]
[Round "8"]
[White "Kamsky, Gata"]
[Black "Vokhidov, Shamsiddin"]
[Result "1-0"]
[WhiteTitle "GM"]
[BlackTitle "GM"]
[WhiteElo "2666"]
[BlackElo "2568"]
[WhiteFideId "2000024"]
[BlackFideId "14204223"]
[EventDate "2022.11.10"]

1. e4 c5 2. Nf3 d6 3. d4 cxd4 4. Nxd4 Nf6 5. Nc3 Nc6 6. Be2 e5 7. Nb3 Be7 8. Bg5
Nxe4 9. Nxe4 Bxg5 10. Nxd6+ Ke7 11. Nxc8+ Rxc8 12. Bd3 Nb4 13. O-O Nxd3 14. cxd3
Qd5 15. Qg4 Bh6 16. Qb4+ Kf6 17. Rae1 g6 18. d4 exd4 19. Nxd4 Rhe8 20. Rxe8 Rxe8
21. Nb5 Re7 22. Nxa7 Bd2 23. Qa4 Kg7 24. Nb5 Re4 25. Qc2 Rc4 26. Qb3 Qc5 27. a3
Rc1 28. Nc3 Rxf1+ 29. Kxf1 Qe5 30. g3 Qe1+ 31. Kg2 Qe7 32. Qc4 Qe5 33. Qd3 Bc1
34. Qc2 Bh6 35. a4 Qc5 36. b3 Bg5 37. Qd3 Bf6 38. Nd5 Qc6 39. Qf3 Bd4 40. Ne3 1-0

[Event "chess.com SpeedChess Q1Sw"]
[Site "chess.com INT"]
[Date "2022.11.10"]
[Round "8"]
[White "Deev, Andrei"]
[Black "Tarnowska, Aleksandra"]
[Result "0-1"]
[WhiteTitle "IM"]
[BlackTitle "WCM"]
[WhiteElo "2390"]
[BlackElo "1835"]
[WhiteFideId "4102690"]
[BlackFideId "1180967"]
[EventDate "2022.11.10"]

1. e4 c5 2. Nf3 e6 3. c3 d5 4. exd5 Qxd5 5. d4 Nf6 6. Be2 Be7 7. dxc5 Bxc5 8.
Nbd2 O-O 9. O-O Nc6 10. Qc2 e5 11. b4 Bb6 12. Nc4 Qe4 13. Bd3 Qg4 14. Nfxe5 Nxe5
15. Nxe5 Qh5 16. Nf3 Bg4 17. Be2 Rfe8 18. h3 Bf5 19. Qb2 Bc7 20. Nd4 Qg6 21.
Nxf5 Qxf5 22. Bf3 Qe5 23. g3 Ne4 24. Bf4 Qe7 25. Bxe4 Bxf4 26. Rfe1 Qg5 27. h4
Qg4 28. Bxb7 Rab8 29. Bg2 Bh6 30. Rxe8+ Rxe8 31. Rf1 g6 32. Qb3 Bg7 0-1